000 00266nam a2200109Ia 4500
008 190216s9999||||xx |||||||||||||| ||und||
100 _aFrancis Cherunilam
245 0 _aBusiness Enviornment
260 _bHimalaya Publishing House
_c1997
300 _a613p
942 _cBK
999 _c5594
_d5594